| 000 | 01272cam a22003617a 4500 | ||
|---|---|---|---|
| 003 | CHAP | ||
| 005 | 20220329141847.0 | ||
| 008 | 980313d1997 mx r 00110 spa d | ||
| 010 | _a74917 | ||
| 011 | _a75889 | ||
| 035 | _a85462 | ||
| 040 | _cCHAP | ||
| 090 | _aTesis | ||
| 100 | 0 | 0 |
_aBaeza López, Juan Carlos. _99392 |
| 245 | 1 | 0 |
_aProducción de chile pimiento tipo Bell (Capsicum annum L.) en hidroponia bajo invernadero _c/por Juan Carlos Baeza López |
| 260 |
_aChapingo, Méx. : _bEl autor, _c1997. |
||
| 300 |
_a62 h. : _bgráfs. |
||
| 502 | _aTesis (Ing. Agr. Esp. en Fitotecnia) -- UACH. Departamento de Fitotecnia | ||
| 590 |
_aALEPH _b10 _c20130110 _lUCH01 _h1422 |
||
| 590 |
_aBATCH-UPD _b10 _c20130110 _lUCH01 _h0819 |
||
| 590 |
_aBATCH-UPD _b10 _c20130410 _lUCH01 _h0456 |
||
| 590 |
_aBATCH-UPD _b10 _c20130914 _lUCH01 _h0925 |
||
| 590 |
_aCONVERSION _b10 _c20130109 _lUCH01 _h1341 |
||
| 650 | 1 | 4 |
_aChile pimiento. _922473 |
| 650 | 1 | 4 |
_aCultivos en invernadero. _930376 |
| 650 | 1 | 4 |
_aHidroponía. _955280 |
| 901 | _aBK | ||
| 905 | _aGuadalupe Pinto C. | ||
| 942 | _cFOLL | ||
| 949 |
_bBC _cTES _d33724000629044 _eTS2 _fc.2 _h31878 _i85462 _si |
||
| 949 |
_bBC _cTES _d33724000762050 _eTS2 _fc.3 _h35913 _i85462 _si |
||
| 949 |
_bBC _cTES _d854621 _eTS1 _h31877 _i85462 _sb |
||
| 999 |
_c74917 _d74917 |
||